000 00977nam a2200301Ia 4500
001 F9131
003 IT-RoPAU
008 130308s9999 xx 000 0 und d
040 _aIT-RoPAU
040 _cIT-RoPAU
041 _aITALIANO
100 _aGandini Leonardo
100 _gCodice Aut. SPICS: 21334
245 _aCinema cantore della metropoli (Il)
245 _bStoria del Cinema Mondiale-Ii-Gli Stati Uniti (Tomo 1)
250 _a1a ed.
260 _aTORINO
260 _bEinaudi
260 _c1999 [1° Ed.:1999 - Ed.Ling.Originale:1999]
300 _a"25 p. (prefazione: no ; testo: 25 [pagine: 557-581])"
500 _aAndare in Città, Andare al Cinema. Suoni della Città. Big City contro Small town. solitudine e Competitività. immagini Alternative: Vidor e Murnau. Wilderness Urbana. Città e New Deal.
650 _aSTORIA DEL CINEMA
650 _eCodice materia Spics: 6808
942 _cBK
957 _71
999 _c53429
_d53429
999 _bSI
999 _g1